| 000 | 01147cam a22003134a 4500 | ||
|---|---|---|---|
| 005 | 20260322212008.0 | ||
| 008 | data | ||
| 010 | _a 99053970 | ||
| 020 | _a0736804862 | ||
| 020 | _a9780736804868 | ||
| 040 |
_aDLC _cDLC _dDLC |
||
| 042 |
_alcac _alcac |
||
| 050 | 0 | 0 |
_aTL152 _b.B617 2000 |
| 082 | 0 | 0 |
_a629.28/72/023 _221 |
| 092 | _a629.28 Bor 2000 | ||
| 100 | 1 | _aBoraas, Tracey. | |
| 245 | 1 | 0 |
_aAutomotive master mechanic / _cTracey Boraas. |
| 260 |
_aMankato, Minn. : _bCapstone Books, _cc2000. |
||
| 300 |
_a48 p. : _bcol. ill. ; _c23 cm. |
||
| 440 | 0 | _aCareer exploration | |
| 504 | _aIncludes bibliographical references (p. 45) and index. | ||
| 520 | _aIntroduces the career of the automotive master mechanic by providing information about educational requirements, duties, work place, salary, employment outlook, and possible future positions. | ||
| 650 | 0 |
_aAutomobiles _xMaintenance and repair _vJuvenile literature. |
|
| 650 | 0 |
_aAutomobile mechanics _vJuvenile literature. |
|
| 650 | 1 |
_aAutomobiles _xVocational guidance. _xVocational guidance. |
|
| 650 | 1 | _aAutomobile mechanics. | |
| 650 | 1 | _aVocational guidance. | |
| 001 | data | ||
| 999 |
_c162 _d162 |
||